| 000 | 00950pam a2200301 a 4500 | ||
|---|---|---|---|
| 999 |
_c18519 _d18491 |
||
| 001 | 012997623 | ||
| 003 | EG-ScBUE | ||
| 005 | 20210308093825.0 | ||
| 008 | 040913r20041969enk f 001 m eng d | ||
| 020 | _a0571225160 (pbk.) | ||
| 020 | _a9780571225163 | ||
| 040 |
_aStDuBDS _beng _erda _dUK _dEG-ScBUE _cEG-ScBUE |
||
| 082 | 0 | 4 |
_a821.912 _bELI _222 |
| 100 | 1 |
_aEliot, T. S. _q(Thomas Stearns), _d1888-1965, _eauthor. _97505 |
|
| 245 | 1 | 4 |
_aThe complete poems and plays / _cT. S. Eliot. |
| 250 | _aReprinted edition. | ||
| 264 | 1 |
_aLondon : _bFaber and Faber Limited, _c2004. |
|
| 300 |
_a608 pages ; _c20 cm |
||
| 336 |
_2rdacontent _atext _btxt |
||
| 337 |
_2rdamedia _aunmediated _bn |
||
| 338 |
_2rdacarrier _avolume _bnc |
||
| 500 | _aIncludes index. | ||
| 650 | 7 |
_aPoets, English _y20th century _vBiography. _2BUEsh _936372 |
|
| 651 | _2BUEsh | ||
| 653 |
_bBUSBOL _cOctober2014 |
||
| 655 |
_vReading book _934232 |
||
| 942 |
_2ddc _k821.912 ELI _cBB |
||